| 000 -LEADER |
| fixed length control field |
00965cam a2200325 a 4500 |
| 001 - CONTROL NUMBER |
| control field |
16503870 |
| 003 - CONTROL NUMBER IDENTIFIER |
| control field |
OSt |
| 005 - DATE AND TIME OF LATEST TRANSACTION |
| control field |
20230913152434.0 |
| 008 - FIXED-LENGTH DATA ELEMENTS--GENERAL INFORMATION |
| fixed length control field |
100921s2010 enka 000 d eng c |
| 010 ## - LIBRARY OF CONGRESS CONTROL NUMBER |
| LC control number |
2010530390 |
| 020 ## - INTERNATIONAL STANDARD BOOK NUMBER |
| International Standard Book Number |
1848421281 |
| 020 ## - INTERNATIONAL STANDARD BOOK NUMBER |
| International Standard Book Number |
9781848421288 (pbk.) |
| 035 ## - SYSTEM CONTROL NUMBER |
| System control number |
(OCoLC)ocn659707801 |
| 040 ## - CATALOGING SOURCE |
| Original cataloging agency |
BWK |
| Transcribing agency |
BWK |
| Modifying agency |
YDXCP |
| -- |
CDX |
| -- |
UPM |
| -- |
DLC |
| -- |
KH8 |
| 042 ## - AUTHENTICATION CODE |
| Authentication code |
pcc |
| 082 ## - DEWEY DECIMAL CLASSIFICATION NUMBER |
| Classification number |
820 BRO |
| 100 1# - MAIN ENTRY--PERSONAL NAME |
| Personal name |
Brogan, Linda, |
| Relator term |
author. |
| 245 10 - TITLE STATEMENT |
| Title |
Speechless / |
| Statement of responsibility, etc. |
by Linda Brogan & Polly Teale. |
| 260 ## - PUBLICATION, DISTRIBUTION, ETC. |
| Place of publication, distribution, etc. |
London : |
| Name of publisher, distributor, etc. |
Nick Hern, |
| Date of publication, distribution, etc. |
2010. |
| 300 ## - PHYSICAL DESCRIPTION |
| Extent |
[34], 61 p. : |
| Other physical details |
ill., |
| Dimensions |
20 cm. |
| 500 ## - GENERAL NOTE |
| General note |
"Based on the Silent twins by Marjorie Wallace." |
| 500 ## - GENERAL NOTE |
| General note |
" A shared Experience & Sherman Cymru production." |
| 650 #0 - SUBJECT ADDED ENTRY--TOPICAL TERM |
| Topical term or geographic name entry element |
Twins |
| Form subdivision |
Drama. |
| 650 #0 - SUBJECT ADDED ENTRY--TOPICAL TERM |
| Topical term or geographic name entry element |
Mutism |
| Form subdivision |
Drama. |
| 700 1# - ADDED ENTRY--PERSONAL NAME |
| Personal name |
Teale, Polly. |
| 700 1# - ADDED ENTRY--PERSONAL NAME |
| Personal name |
Wallace, Marjorie, |
| Dates associated with a name |
1943- |
| Title of a work |
Silent twins. |
| 710 2# - ADDED ENTRY--CORPORATE NAME |
| Corporate name or jurisdiction name as entry element |
Shared Experience Theatre. |
| 710 2# - ADDED ENTRY--CORPORATE NAME |
| Corporate name or jurisdiction name as entry element |
Sherman Cymru. |
| 942 ## - ADDED ENTRY ELEMENTS (KOHA) |
| Source of classification or shelving scheme |
|
| Koha item type |
Teaching Resources |